<?xml version="1.0" encoding="UTF-8"?>
<marc:record xmlns:marc="http://www.loc.gov/MARC21/slim">
   <marc:leader>00000nam a2200000 a 4500</marc:leader>
   <marc:datafield ind1="1" ind2=" " tag="100">
      <marc:subfield code="a">Gläser, Mechthild</marc:subfield>
      <marc:subfield code="4">aut</marc:subfield>
      <marc:subfield code="e">Verfasser/-in</marc:subfield>
   </marc:datafield>
   <marc:datafield ind1=" " ind2=" " tag="653">
      <marc:subfield code="a">Beste deutschsprachige Debütautorin</marc:subfield>
   </marc:datafield>
   <marc:datafield ind1=" " ind2=" " tag="653">
      <marc:subfield code="a">Eisenheim</marc:subfield>
   </marc:datafield>
   <marc:datafield ind1=" " ind2=" " tag="653">
      <marc:subfield code="a">All-Age-Roman</marc:subfield>
   </marc:datafield>
   <marc:datafield ind1=" " ind2=" " tag="653">
      <marc:subfield code="a">Genre-Mix aus Urban Fantasy und Steampunk</marc:subfield>
   </marc:datafield>
   <marc:datafield ind1=" " ind2=" " tag="653">
      <marc:subfield code="a">unsentimentale Liebesgeschichte</marc:subfield>
   </marc:datafield>
   <marc:datafield ind1=" " ind2=" " tag="653">
      <marc:subfield code="a">Schattenwelt-Elemente</marc:subfield>
   </marc:datafield>
   <marc:datafield ind1=" " ind2=" " tag="653">
      <marc:subfield code="a">Doppelleben in einer Traumwelt</marc:subfield>
   </marc:datafield>
   <marc:datafield ind1=" " ind2=" " tag="653">
      <marc:subfield code="a">Zeraph Phantastikpreis</marc:subfield>
   </marc:datafield>
   <marc:datafield ind1=" " ind2=" " tag="653">
      <marc:subfield code="a">Die Buchspringer</marc:subfield>
   </marc:datafield>
   <marc:datafield ind1=" " ind2=" " tag="653">
      <marc:subfield code="a">Jugendbuch</marc:subfield>
   </marc:datafield>
   <marc:datafield ind1=" " ind2=" " tag="653">
      <marc:subfield code="a">Jugendbücher ab 12 Jahre</marc:subfield>
   </marc:datafield>
   <marc:datafield ind1="0" ind2="0" tag="245">
      <marc:subfield code="a">Stadt aus Trug und Schatten</marc:subfield>
   </marc:datafield>
   <marc:datafield ind1=" " ind2="1" tag="264">
      <marc:subfield code="a">Bindlach</marc:subfield>
      <marc:subfield code="b">Loewe</marc:subfield>
      <marc:subfield code="c">2021</marc:subfield>
   </marc:datafield>
   <marc:datafield ind1=" " ind2=" " tag="250">
      <marc:subfield code="a">1. Auflage als Loewe-Taschenbuch</marc:subfield>
   </marc:datafield>
   <marc:datafield ind1="1" ind2=" " tag="520">
      <marc:subfield code="a">Angaben aus der Verlagsmeldung

Stadt aus Trug und Schatten (Eisenheim-Dilogie - Band 1) / von Mechthild Gläser

Eine Geschichte, die zum Träumen einlädt …

Flora führt ein heimliches Doppelleben. Jede Nacht wacht ihre Seele in der geheimnisvollen Stadt Eisenheim auf. Unerfreulicherweise hat ihr nächtliches Ich dort auch noch den Weißen Löwen, einen kostbaren alchemistischen Stein, gestohlen. Bald ist Flora selbst in der realen Welt vor den Gefahren Eisenheims nicht mehr sicher und eines ist klar: Sie kann niemandem trauen, nicht einmal Marian, der plötzlich in beiden Welten auftaucht und dessen Küsse vertrauter schmecken, als ihr lieb ist.

Für den ersten Band der Eisenheim-Dilogie wurde Die Buchspringer-Autorin
Mechthild Gläser
mit dem SERAPH-Phantastikpreis ausgezeichnet. Nun erscheint ihr Debüt mit einem neuen träumerischen Cover als Taschenbuch. Die hinreißende Liebesgeschichte für Mädchen ab 13 Jahren entführt in eine originelle Fantasy-Welt und lädt Leser zum Träumen ein.

Stadt aus Trug und Schatten ist der erste Band der Eisenheim-Dilogie.
</marc:subfield>
   </marc:datafield>
   <marc:datafield ind1=" " ind2=" " tag="020">
      <marc:subfield code="a">9783743212466</marc:subfield>
      <marc:subfield code="9">9783743212466</marc:subfield>
   </marc:datafield>
   <marc:datafield ind1=" " ind2=" " tag="020">
      <marc:subfield code="a">3743212463</marc:subfield>
      <marc:subfield code="9">3743212463</marc:subfield>
   </marc:datafield>
   <marc:datafield ind1=" " ind2=" " tag="041">
      <marc:subfield code="a">ger</marc:subfield>
   </marc:datafield>
</marc:record>
